| 000 | 00799nam a2200277Ia 4500 | ||
|---|---|---|---|
| 003 | OSt | ||
| 005 | 20220912150619.0 | ||
| 006 | a|||||r|||| 00| 0 | ||
| 007 | ta | ||
| 008 | 220909b |||||||| |||| 00| 0 eng d | ||
| 024 | _a48763 | ||
| 037 | _cTextual | ||
| 040 |
_aCSL _beng _cCSL |
||
| 041 | _aeng | ||
| 082 | _aH5v792, L1 TTH | ||
| 100 | _aKhudoley K M | ||
| 245 | 0 | _aPaleogeography and geological histroy of greater | |
| 260 |
_aNew York _b Geological Society of America _c1971 |
||
| 300 |
_axiv, 199p. _ccm. |
||
| 490 | _aGeological society of America, memoir; 129 | ||
| 650 | _a Paleogeography | ||
| 650 | _aStratigraphy | ||
| 700 | _a Meyerhoff A A | ||
| 942 |
_hH5v792, L1 TTH _cTEXL _2CC |
||
| 999 |
_c50987 _d50987 |
||